000
002700000a22000970004500
100
1
_a
Cruchley Jones, Peter
245
1
0
_a
Living witthout walls : Mission in the rupture
300
_a
Vol. 52, Num. 2 (Junio, 2002), Páginas 94-104
773
0
_t
Reformed World
942
_c
ANA
999
_c
55620
_d
55620